[Event "19. Sahovski festival "]
[Site "Senta"]
[Date "2015.07.15"]
[Round "6.16"]
[White "Vranic, Ljubomir"]
[Black "Vucelic, Rade"]
[Result "1-0"]
[WhiteElo "2213"]
[BlackElo "1909"]
[PlyCount "51"]
[EventDate "2015.07.11"]

1. d4 d5 2. c4 c6 3. Nc3 Nf6 4. Nf3 Nbd7 5. cxd5 cxd5 6. Bf4 Nh5 7. Bd2 e6 8.
Ne5 Nhf6 9. f4 Bb4 10. Nb5 Bxd2+ 11. Qxd2 O-O 12. Nc3 Nxe5 13. dxe5 Nh5 14.
O-O-O g6 15. g4 Ng7 16. e4 Qh4 17. Be2 dxe4 18. Nxe4 Qe7 19. Nf6+ Kh8 20. Kb1
a6 21. Qe1 Ne8 22. Qh4 Nxf6 23. exf6 Qc7 24. Qh6 Rg8 25. Rd3 Bd7 26. Qxh7+ 1-0

[Event "19. Sahovski festival "]
[Site "Senta"]
[Date "2015.07.15"]
[Round "6.17"]
[White "Popov, Stevan"]
[Black "Janjusevic, Branislav"]
[Result "1-0"]
[WhiteElo "2153"]
[BlackElo "1968"]
[PlyCount "77"]
[EventDate "2015.07.11"]

1. e4 d5 2. exd5 Nf6 3. Nc3 Nxd5 4. Bc4 e6 5. Nf3 Be7 6. O-O O-O 7. d4 a6 8.
Qe2 Re8 9. a4 c6 10. Ne4 h6 11. Rd1 Nd7 12. Ne5 N7f6 13. Ng3 Qc7 14. c3 b6 15.
Bd3 Bb7 16. f4 c5 17. Bd2 Bf8 18. Rac1 Qd6 19. Ne4 Nxe4 20. Bxe4 Qc7 21. g3
Rad8 22. Qg2 Ba8 23. c4 Nf6 24. Bxa8 Rxa8 25. d5 exd5 26. cxd5 b5 27. b3 Rad8
28. Bc3 Rd6 29. Rd2 Red8 30. Nc6 Re8 31. Be5 Ng4 32. Bxd6 Bxd6 33. Re2 Re3 34.
Rxe3 Nxe3 35. Qe4 Ng4 36. axb5 axb5 37. Ra1 c4 38. Ra8+ Bf8 39. Ne7+ 1-0

[Event "19. Sahovski festival "]
[Site "Senta"]
[Date "2015.07.15"]
[Round "6.18"]
[White "Toth, Kazmer"]
[Black "Ciric, Dragan"]
[Result "0-1"]
[WhiteElo "1946"]
[BlackElo "2125"]
[PlyCount "80"]
[EventDate "2015.07.11"]

1. d4 g6 2. c4 Bg7 3. Nf3 c5 4. Nc3 cxd4 5. Nxd4 Nc6 6. Nb3 d6 7. e4 Nf6 8. Be2
O-O 9. O-O Be6 10. f3 Ne5 11. Nd5 Rc8 12. Nd2 Nfd7 13. Rb1 f5 14. b3 Nc5 15.
Nf4 Qb6 16. Kh1 Bh6 17. Nxe6 Nxe6 18. exf5 gxf5 19. Re1 Nf4 20. Nf1 Qf2 21. Ne3
Rf6 22. Bf1 Nh3 23. gxh3 Nxf3 24. Bg2 Qxe1+ 25. Qxe1 Nxe1 26. Nd5 Re6 27. Bxh6
Nxg2 28. Kxg2 Kf7 29. Bf4 Re2+ 30. Kf3 Rxa2 31. h4 e5 32. Bg5 Ke6 33. h3 Rg8
34. Nc7+ Kd7 35. Nd5 Ke6 36. Re1 Rb2 37. Re3 e4+ 38. Kg3 h6 39. Nf4+ Kf7 40.
Nh5 hxg5 0-1

[Event "19. Sahovski festival "]
[Site "Senta"]
[Date "2015.07.15"]
[Round "6.19"]
[White "Grbin, Stefan"]
[Black "Elez, Sinisa"]
[Result "0-1"]
[WhiteElo "1779"]
[BlackElo "2075"]
[PlyCount "72"]
[EventDate "2015.07.11"]

1. d4 d5 2. c4 dxc4 3. Nc3 Nf6 4. Bf4 Nd5 5. Bg3 Nxc3 6. bxc3 b5 7. e3 Bb7 8.
Rb1 Bc6 9. Nf3 f6 10. d5 Qxd5 11. Qxd5 Bxd5 12. Rxb5 Bc6 13. Rb2 e5 14. Bxc4
Nd7 15. O-O Bd6 16. Nh4 g6 17. f4 e4 18. Rd1 Ke7 19. Bf2 Rab8 20. Rdb1 Rb6 21.
g4 Nc5 22. Ng2 Na4 23. Rxb6 cxb6 24. Be1 Rc8 25. Rc1 Ba3 26. Rc2 Nb2 27. Bb3
Bb5 28. f5 g5 29. Be6 Rd8 30. c4 Bc6 31. h4 h6 32. h5 Rd1 33. Kf2 Nd3+ 34. Ke2
Rb1 35. Rd2 Bc1 36. Rc2 Ba4 0-1

[Event "19. Sahovski festival "]
[Site "Senta"]
[Date "2015.07.15"]
[Round "6.21"]
[White "Kecskemeti, Arpad"]
[Black "Mrzic, Branko"]
[Result "1-0"]
[WhiteElo "2152"]
[BlackElo "1877"]
[PlyCount "53"]
[EventDate "2015.07.11"]

1. e4 d5 2. exd5 Qxd5 3. Nf3 Nf6 4. d4 Bg4 5. Be2 c6 6. O-O e6 7. c4 Qd8 8. Nc3
Be7 9. Be3 O-O 10. h3 Bxf3 11. Bxf3 Na6 12. Qb3 Qb6 13. Qxb6 axb6 14. a3 Nb8
15. d5 Ra6 16. Rad1 e5 17. Rfe1 Rd8 18. Bg5 Nbd7 19. dxc6 bxc6 20. Bxc6 h6 21.
Bxf6 Nxf6 22. Rxd8+ Bxd8 23. Rxe5 Bc7 24. Re1 Ra5 25. Nb5 Bf4 26. g3 Bd2 27.
Rd1 1-0

[Event "19. Sahovski festival "]
[Site "Senta"]
[Date "2015.07.15"]
[Round "6.23"]
[White "Nestorovic, Katarina"]
[Black "Penjov, Damjan"]
[Result "0-1"]
[WhiteElo "1820"]
[BlackElo "2022"]
[PlyCount "64"]
[EventDate "2015.07.11"]

1. e4 e5 2. Bc4 Nf6 3. Nc3 Nc6 4. d3 Be7 5. f4 exf4 6. Bxf4 d6 7. Nf3 Na5 8.
Bb3 Nxb3 9. axb3 Bg4 10. h3 Bxf3 11. Qxf3 c6 12. O-O-O Nd7 13. Qg3 Nf6 14. Qf3
O-O 15. d4 d5 16. e5 Ne8 17. h4 Nc7 18. Be3 a5 19. g4 b5 20. g5 a4 21. bxa4 b4
22. Ne2 Rxa4 23. Qg2 Ne6 24. Rhg1 Qa5 25. h5 Ra1+ 26. Kd2 b3+ 27. c3 Qa2 28. g6
Qxb2+ 29. Ke1 Rxd1+ 30. Kxd1 Qc2+ 31. Ke1 b2 32. gxh7+ Qxh7 0-1

[Event "19. Sahovski festival "]
[Site "Senta"]
[Date "2015.07.15"]
[Round "6.25"]
[White "Farkas, Sandor I"]
[Black "Nestorovic, Irena"]
[Result "0-1"]
[WhiteElo "1863"]
[BlackElo "2019"]
[PlyCount "28"]
[EventDate "2015.07.11"]

1. Nf3 Nf6 2. g3 e6 3. Bg2 d5 4. O-O Be7 5. d3 O-O 6. Nbd2 c5 7. e4 Nc6 8. c3
b6 9. e5 Nd7 10. d4 Ba6 11. Re1 Rc8 12. Nf1 cxd4 13. cxd4 Nb4 14. Ne3 Nd3 0-1

[Event "19. Sahovski festival "]
[Site "Senta"]
[Date "2015.07.15"]
[Round "6.26"]
[White "Lorincz, Laszlo V"]
[Black "Sarnyai, Daniel"]
[Result "0-1"]
[WhiteElo "1832"]
[BlackElo "2007"]
[PlyCount "80"]
[EventDate "2015.07.11"]

1. d4 Nf6 2. Nf3 g6 3. Bf4 d6 4. e3 Bg7 5. Nbd2 O-O 6. h3 a6 7. c4 Nbd7 8. Qc2
c5 9. Be2 Re8 10. d5 Rb8 11. Rd1 b5 12. b3 b4 13. O-O Qb6 14. Rfe1 a5 15. Bd3
Ra8 16. Qc1 a4 17. Bc2 axb3 18. Bxb3 Ra6 19. Nb1 Qa7 20. e4 Nh5 21. Bh2 Ne5 22.
Nxe5 Bxe5 23. Bxe5 dxe5 24. Rd3 Rd8 25. Kh2 Kg7 26. Qb2 f6 27. g3 Qd7 28. g4
Nf4 29. Rg3 Rh8 30. Rh1 h5 31. Kg1 hxg4 32. hxg4 Rxh1+ 33. Kxh1 Qe8 34. f3 Bd7
35. a3 Qh8+ 36. Qh2 Qxh2+ 37. Kxh2 bxa3 38. Ba2 Rb6 39. Nxa3 Rb2+ 40. Kh1 Rxa2
0-1

[Event "19. Sahovski festival "]
[Site "Senta"]
[Date "2015.07.15"]
[Round "6.27"]
[White "Hiebert, Kenji"]
[Black "Korponai, Akos"]
[Result "0-1"]
[WhiteElo "1796"]
[BlackElo "2002"]
[PlyCount "44"]
[EventDate "2015.07.11"]

1. e4 c5 2. Nf3 g6 3. d4 cxd4 4. Nxd4 Bg7 5. c4 Nc6 6. Be3 Qb6 7. Nb3 Qd8 8.
Nc3 Nf6 9. Be2 O-O 10. O-O d6 11. Qd2 Ng4 12. Bxg4 Bxg4 13. Nd4 Qa5 14. f3 Bd7
15. Rac1 Rfc8 16. Rfd1 Nxd4 17. Bxd4 Rxc4 18. Bxg7 Kxg7 19. Qd5 Qb6+ 20. Kh1
Rac8 21. Qg5 Qxb2 22. Qxe7 Be6 0-1

[Event "19. Sahovski festival "]
[Site "Senta"]
[Date "2015.07.15"]
[Round "6.28"]
[White "Solymosi, Andras"]
[Black "Demic, Aleksandar"]
[Result "1-0"]
[WhiteElo "1965"]
[BlackElo "1735"]
[PlyCount "63"]
[EventDate "2015.07.11"]

1. c4 Nf6 2. Nf3 e6 3. d4 Bb4+ 4. Bd2 Qe7 5. a3 Bxd2+ 6. Qxd2 O-O 7. Nc3 d6 8.
e4 e5 9. d5 Bg4 10. Be2 a5 11. O-O Na6 12. Qc2 Nd7 13. h3 Bxf3 14. Bxf3 Qh4 15.
Rab1 f5 16. b4 g5 17. exf5 Qxc4 18. Be2 Qh4 19. Ne4 Nf6 20. Nxf6+ Rxf6 21. Bxa6
bxa6 22. bxa5 g4 23. Rb4 h5 24. f3 Qg3 25. fxg4 Qe3+ 26. Kh1 Qxa3 27. Rb3 Qxa5
28. g5 Rff8 29. f6 Rf7 30. Qg6+ Kf8 31. Qh6+ Kg8 32. g6 1-0

[Event "19. Sahovski festival "]
[Site "Senta"]
[Date "2015.07.15"]
[Round "6.34"]
[White "Abel, Istvan"]
[Black "Slavic, Nikola"]
[Result "1-0"]
[WhiteElo "1714"]
[BlackElo "1948"]
[PlyCount "88"]
[EventDate "2015.07.11"]

1. e4 e5 2. f4 Bc5 3. Nf3 d6 4. Bc4 Nf6 5. Nc3 O-O 6. f5 Nc6 7. a3 a6 8. d3 h6
9. h3 Nd4 10. Nxd4 Bxd4 11. Qf3 c6 12. Be3 Bxe3 13. Qxe3 d5 14. Bb3 d4 15. Qf3
dxc3 16. bxc3 Qa5 17. Kd2 Qc5 18. g4 Nh7 19. h4 Qe7 20. Rag1 Kh8 21. g5 Bd7 22.
Rh2 b5 23. Rhg2 c5 24. Bd5 Rac8 25. g6 Nf6 26. Bb7 Rcd8 27. gxf7 Rxf7 28. Rg6
c4 29. d4 exd4 30. cxd4 Bc8 31. Bxc8 Rxc8 32. e5 Qd7 33. c3 Qd5 34. Qxd5 Nxd5
35. f6 gxf6 36. e6 Rh7 37. Rf1 Re8 38. Rfg1 Rf8 39. R1g4 Ne7 40. d5 Nxg6 41. d6
Ne5 42. Rg3 Re8 43. e7 Rhxe7 44. dxe7 Rxe7 1-0

[Event "19. Sahovski festival "]
[Site "Senta"]
[Date "2015.07.15"]
[Round "6.36"]
[White "Aleksic, Zvonimir"]
[Black "Bilic, Marijana"]
[Result "1-0"]
[WhiteElo "1916"]
[BlackElo "1623"]
[PlyCount "55"]
[EventDate "2015.07.11"]

1. e4 c5 2. Nc3 a6 3. Nf3 e6 4. d4 cxd4 5. Nxd4 Ne7 6. g3 Nbc6 7. Nde2 Ng6 8.
Be3 Nge5 9. Bg2 Nc4 10. Bc1 Be7 11. O-O O-O 12. b3 N4e5 13. h3 d6 14. Be3 Qc7
15. Qd2 b5 16. a4 b4 17. Na2 Rb8 18. Rab1 Bb7 19. Rfc1 Qa5 20. c4 bxc3 21.
Nexc3 Qd8 22. f4 Nd7 23. Qf2 Bf6 24. Rd1 Qe7 25. b4 Rfe8 26. Qd2 Bxc3 27. Nxc3
a5 28. Qxd6 1-0

[Event "19. Sahovski festival "]
[Site "Senta"]
[Date "2015.07.15"]
[Round "6.37"]
[White "Soklovacki, Mila"]
[Black "Petrovic, Aleksa"]
[Result "1-0"]
[WhiteElo "1901"]
[BlackElo "1674"]
[PlyCount "81"]
[EventDate "2015.07.11"]

1. e4 e5 2. Nf3 Nf6 3. Nc3 Nc6 4. d4 exd4 5. Nxd4 Bc5 6. Nxc6 dxc6 7. Qxd8+
Kxd8 8. Bg5 Re8 9. O-O-O+ Bd7 10. f3 h6 11. Bd2 Ke7 12. Bf4 Rac8 13. Bc4 Be6
14. Bxe6 Kxe6 15. Rd3 Nh5 16. Be3 Bxe3+ 17. Rxe3 Red8 18. g3 g5 19. Rd1 Rxd1+
20. Kxd1 Rd8+ 21. Ke2 Ke5 22. Rd3 Rxd3 23. Kxd3 Ng7 24. Ne2 Ne6 25. c3 Nc5+ 26.
Ke3 f5 27. f4+ Kf6 28. e5+ Kg6 29. b3 Kf7 30. Nd4 Kg6 31. c4 a5 32. e6 Kf6 33.
e7 Kxe7 34. Nxf5+ Kf6 35. Nxh6 gxf4+ 36. gxf4 Kg6 37. Ng4 Kh5 38. Nf2 a4 39. b4
Na6 40. Nd3 b5 41. c5 1-0

[Event "19. Sahovski festival "]
[Site "Senta"]
[Date "2015.07.15"]
[Round "6.41"]
[White "Farkas, Janos"]
[Black "Farkas, Istvan"]
[Result "1-0"]
[WhiteElo "1788"]
[BlackElo "1578"]
[PlyCount "49"]
[EventDate "2015.07.11"]

1. e4 c5 2. Nf3 d6 3. h3 a6 4. a4 Nf6 5. Nc3 Nc6 6. d4 cxd4 7. Nxd4 e6 8. g4
Be7 9. Bg2 O-O 10. Be3 Qc7 11. g5 Nd7 12. f4 Nb6 13. Qe2 Nxd4 14. Bxd4 e5 15.
Be3 Nc4 16. Nd5 Qa5+ 17. b4 Qd8 18. Qxc4 exf4 19. Bb6 Qd7 20. h4 Bd8 21. Bh3
Qe8 22. Bxd8 Qxd8 23. O-O-O Bxh3 24. Rxh3 Rc8 25. Qxc8 1-0

[Event "19. Sahovski festival "]
[Site "Senta"]
[Date "2015.07.15"]
[Round "6.42"]
[White "Horvat, Nevena"]
[Black "Skenderovic, Nikola"]
[Result "1-0"]
[WhiteElo "1727"]
[BlackElo "1556"]
[PlyCount "85"]
[EventDate "2015.07.11"]

1. c4 Nf6 2. d4 g6 3. Nc3 Bg7 4. Nf3 O-O 5. Bg5 c5 6. d5 h6 7. Bd2 d6 8. e4 e6
9. Qc1 Kh7 10. Be2 exd5 11. exd5 Re8 12. O-O b5 13. cxb5 Nxd5 14. Nxd5 Rxe2 15.
Ne3 a6 16. Qd1 Rxd2 17. Qxd2 axb5 18. Qd5 Ra7 19. Rac1 Rd7 20. b3 Bb7 21. Qd1
Qa5 22. Qe2 Na6 23. Rfd1 d5 24. Ng4 Qb6 25. Qe8 Qc7 26. Qe3 f5 27. Nxh6 Bxh6
28. Ng5+ Bxg5 29. Qxg5 Qd8 30. Qf4 Qc7 31. Qh4+ Kg7 32. Rc3 d4 33. Rh3 Qc6 34.
Qh8+ Kf7 35. Rh7+ Ke6 36. Re1+ Qe4 37. Rxe4+ Bxe4 38. Qe8+ Kf6 39. Qxd7 d3 40.
Rf7+ Ke5 41. Qe7+ Kd4 42. Qf6+ Kd5 43. Rd7# 1-0

[Event "19. Sahovski festival "]
[Site "Senta"]
[Date "2015.07.15"]
[Round "6.45"]
[White "Olajos, Gyozo"]
[Black "Boros, Aron"]
[Result "1-0"]
[WhiteElo "1609"]
[BlackElo "1419"]
[PlyCount "47"]
[EventDate "2015.07.11"]

1. d4 d5 2. c4 c6 3. Nc3 Nf6 4. Bf4 e6 5. a4 Nbd7 6. e3 Bb4 7. Qb3 Qa5 8. Bd3
Nb6 9. Nge2 dxc4 10. Bxc4 Nxc4 11. Qxc4 b5 12. Qb3 Nd5 13. O-O Nxc3 14. bxc3
Be7 15. axb5 Qxb5 16. Qc2 Ba6 17. Rfe1 Bb7 18. Reb1 Qd5 19. Rxb7 c5 20. Qa4+
Kf8 21. Rd7 Qe4 22. Ng3 Qd3 23. dxc5 Bxc5 24. Rxd3 1-0

[Event "19. Sahovski festival "]
[Site "Senta"]
[Date "2015.07.16"]
[Round "7.1"]
[White "Atalik, Suat"]
[Black "Kumic, Filip"]
[Result "1-0"]
[WhiteElo "2564"]
[BlackElo "2253"]
[PlyCount "79"]
[EventDate "2015.07.11"]

1. Nf3 Nf6 2. c4 g6 3. Nc3 Bg7 4. e4 d6 5. d4 O-O 6. h3 Qe8 7. Be3 Nfd7 8. Rc1
e5 9. dxe5 dxe5 10. Nb5 Na6 11. c5 Qe7 12. Qc2 f5 13. b4 Nf6 14. Nc3 c6 15. a3
Nc7 16. Bd3 Kh8 17. O-O f4 18. Bd2 Ne6 19. Ne2 Nd7 20. Bc4 Ng5 21. Nxg5 Qxg5
22. f3 b6 23. Be1 bxc5 24. Be6 Qe7 25. Bxd7 Qxd7 26. Qxc5 Ba6 27. Rf2 Rac8 28.
Nc3 Rfd8 29. Rd2 Qb7 30. Rcd1 Rd4 31. Bf2 Rcd8 32. Bxd4 exd4 33. Rxd4 Rxd4 34.
Rxd4 Bxd4+ 35. Qxd4+ Kg8 36. Qd8+ Kg7 37. Na4 Qb5 38. Qc7+ Kg8 39. Nc5 Qf1+ 40.
Kh2 1-0

[Event "19. Sahovski festival "]
[Site "Senta"]
[Date "2015.07.16"]
[Round "7.2"]
[White "Nestorovic, Dejan"]
[Black "Nagy, Attila N"]
[Result "1-0"]
[WhiteElo "2408"]
[BlackElo "2207"]
[PlyCount "61"]
[EventDate "2015.07.11"]

1. d4 Nf6 2. c4 e6 3. Nc3 Bb4 4. e3 O-O 5. Nge2 d5 6. a3 Be7 7. Nf4 c6 8. Bd3
Nbd7 9. O-O Qc7 10. h3 dxc4 11. Bxc4 e5 12. Nh5 Nb6 13. Ba2 Be6 14. Nxf6+ Bxf6
15. Bxe6 fxe6 16. dxe5 Bxe5 17. Ne4 Qe7 18. Qc2 Nd5 19. Bd2 Rae8 20. f4 Bc7 21.
Rf3 Bb6 22. Kh2 h6 23. Raf1 Qd7 24. g4 Ne7 25. Bb4 c5 26. Bxc5 Rc8 27. b4 Bxc5
28. Nxc5 Qd5 29. e4 Qd4 30. Qb3 Rxc5 31. Qxe6+ 1-0

[Event "19. Sahovski festival "]
[Site "Senta"]
[Date "2015.07.16"]
[Round "7.3"]
[White "Todorovic, Jovan"]
[Black "Arsovic, Zoran"]
[Result "1/2-1/2"]
[WhiteElo "2402"]
[BlackElo "2418"]
[PlyCount "22"]
[EventDate "2015.07.11"]

1. e4 c5 2. Nf3 d6 3. d4 cxd4 4. Nxd4 Nf6 5. Nc3 Nc6 6. Bg5 e6 7. Qd2 Be7 8.
O-O-O O-O 9. f4 Nxd4 10. Qxd4 Qa5 11. Bc4 Bd7 1/2-1/2

[Event "19. Sahovski festival "]
[Site "Senta"]
[Date "2015.07.16"]
[Round "7.4"]
[White "Arsovic, Goran"]
[Black "Marjanovics, Gyorgy"]
[Result "1-0"]
[WhiteElo "2395"]
[BlackElo "1939"]
[PlyCount "51"]
[EventDate "2015.07.11"]

1. d4 d6 2. Nf3 g6 3. g3 Bg7 4. Bg2 Nd7 5. c4 e5 6. Nc3 Nh6 7. e4 a6 8. O-O O-O
9. Qc2 Re8 10. Rd1 f6 11. dxe5 Nxe5 12. Nxe5 fxe5 13. h3 Be6 14. c5 Nf7 15. Nd5
Bf8 16. Be3 Bxd5 17. Rxd5 Qf6 18. cxd6 Bxd6 19. h4 Rad8 20. Rad1 c6 21. R5d3
Bc7 22. Qb3 b5 23. Bh3 Rxd3 24. Rxd3 Kg7 25. Qa3 Rd8 26. Rxd8 1-0

[Event "19. Sahovski festival "]
[Site "Senta"]
[Date "2015.07.16"]
[Round "7.5"]
[White "Vucinic, Gojko"]
[Black "Markovic, Aleksandar"]
[Result "1-0"]
[WhiteElo "2328"]
[BlackElo "2133"]
[PlyCount "79"]
[EventDate "2015.07.11"]

1. e4 d6 2. d4 Nf6 3. Nc3 e5 4. Nf3 Nbd7 5. Bc4 Be7 6. O-O O-O 7. Re1 c6 8. a4
b6 9. d5 cxd5 10. Nxd5 Bb7 11. b3 Rc8 12. Re2 Nxd5 13. Bxd5 Bxd5 14. Qxd5 Nf6
15. Qd1 d5 16. exd5 e4 17. Ng5 Qxd5 18. Qxd5 Nxd5 19. Nxe4 f5 20. c4 fxe4 21.
cxd5 Bc5 22. Be3 Rfd8 23. Bxc5 bxc5 24. Rxe4 Rxd5 25. Re3 Rb8 26. h3 Rb4 27.
Rc1 h6 28. Kf1 Rbd4 29. Rc2 a6 30. g3 Rb4 31. Ke2 a5 32. Rec3 Rdd4 33. Rxc5
Rxb3 34. Rd2 Re4+ 35. Kf1 Rbb4 36. Rxa5 Kf7 37. Ra7+ Kf6 38. a5 Kg6 39. Rc7
Rbc4 40. Rc2 1-0

[Event "19. Sahovski festival "]
[Site "Senta"]
[Date "2015.07.16"]
[Round "7.6"]
[White "Baglan, Esat"]
[Black "Andrijevic, Milan"]
[Result "1-0"]
[WhiteElo "2257"]
[BlackElo "2268"]
[PlyCount "69"]
[EventDate "2015.07.11"]

1. e4 c5 2. Nf3 e6 3. d4 cxd4 4. Nxd4 a6 5. c4 Nf6 6. Nc3 d6 7. Be2 Nc6 8. Be3
Be7 9. O-O O-O 10. Qd2 Bd7 11. Rfd1 Rc8 12. b3 Qc7 13. Rac1 Qb8 14. f3 Rfd8 15.
Bf1 Nxd4 16. Bxd4 Bc6 17. Qe3 b5 18. cxb5 axb5 19. Bb6 Re8 20. Nxb5 d5 21. Na7
Qa8 22. Nxc8 Rxc8 23. e5 Nd7 24. Bd4 Ba3 25. Rc2 Qb8 26. Rb1 Qb4 27. Ba6 Rc7
28. Qc3 f6 29. Qxb4 Bxb4 30. f4 Nb8 31. Bb5 Ba3 32. b4 Bxb5 33. Rxc7 Nc6 34.
Rxc6 Bxc6 35. Rb3 1-0

[Event "19. Sahovski festival "]
[Site "Senta"]
[Date "2015.07.16"]
[Round "7.7"]
[White "Meszaros, Bela"]
[Black "Bratkovic, Jakob"]
[Result "0-1"]
[WhiteElo "2206"]
[BlackElo "2212"]
[PlyCount "88"]
[EventDate "2015.07.11"]

1. e4 c5 2. Nf3 Nc6 3. Nc3 e5 4. Bc4 Be7 5. d3 Nf6 6. O-O O-O 7. a3 d6 8. Ne1
Be6 9. Nd5 Nd7 10. f4 exf4 11. Bxf4 Nde5 12. Ba2 Bg5 13. Qd2 Bxf4 14. Qxf4 Kh8
15. Nf3 Nxf3+ 16. Qxf3 f5 17. Qh3 Bxd5 18. Bxd5 f4 19. c3 Qf6 20. Rf2 g5 21.
Be6 Ne5 22. Raf1 Qg7 23. Bg4 Rf6 24. Bh5 g4 25. Qh4 Nxd3 26. Rd2 Ne5 27. h3
gxh3 28. Qxh3 Rh6 29. Qh4 f3 30. g4 Rg8 31. Kf2 Rf6 32. Rg1 Rf4 33. Rxd6 Rxe4
34. Rd2 Nc4 35. Rd8 Qe5 36. Rxg8+ Kxg8 37. Qd8+ Kg7 38. Qd7+ Qe7 39. Qxe7+ Rxe7
40. g5 Nxb2 41. Bxf3 Nd3+ 42. Kg3 Re3 43. Rd1 Kg6 44. Rxd3 Rxd3 0-1

[Event "19. Sahovski festival "]
[Site "Senta"]
[Date "2015.07.16"]
[Round "7.8"]
[White "Farkas, Tibor"]
[Black "Dermisek, Stipa"]
[Result "1-0"]
[WhiteElo "2251"]
[BlackElo "2077"]
[PlyCount "79"]
[EventDate "2015.07.11"]

1. e4 c5 2. Nf3 d6 3. d4 cxd4 4. Nxd4 Nf6 5. Nc3 a6 6. Be3 e5 7. Nb3 Be6 8. Qd2
Be7 9. f3 O-O 10. O-O-O b5 11. g4 b4 12. Na4 Nbd7 13. Kb1 a5 14. Bb5 Rb8 15.
Qd3 Qc7 16. Nd2 Rfc8 17. Rc1 Qb7 18. Ba6 Qc6 19. Bxc8 Bxa2+ 20. Kxa2 Qxa4+ 21.
Kb1 Rxc8 22. Qa6 Rb8 23. b3 Qb5 24. Qxb5 Rxb5 25. g5 Nh5 26. Nc4 Nf4 27. Rcd1
Ne2 28. Kb2 Nc3 29. Ra1 a4 30. bxa4 Rb8 31. a5 d5 32. exd5 Bc5 33. a6 Bxe3 34.
Nxe3 Nc5 35. a7 Ra8 36. Ra5 N3a4+ 37. Kc1 b3 38. Kd2 f6 39. Rb1 b2 40. Nc4 1-0

[Event "19. Sahovski festival "]
[Site "Senta"]
[Date "2015.07.16"]
[Round "7.9"]
[White "Ciric, Dragan"]
[Black "Vranic, Ljubomir"]
[Result "1/2-1/2"]
[WhiteElo "2125"]
[BlackElo "2213"]
[PlyCount "147"]
[EventDate "2015.07.11"]

1. e4 e6 2. d4 d5 3. exd5 exd5 4. Bf4 Bd6 5. Qd2 Nf6 6. Bd3 Nc6 7. Ne2 Ne7 8.
Nbc3 c6 9. f3 Bf5 10. Bg5 Bxd3 11. Qxd3 Qd7 12. O-O-O O-O-O 13. Na4 Rde8 14.
Nc5 Qf5 15. Qd2 Nd7 16. Ng3 Qg6 17. Nd3 Nf5 18. Nxf5 Qxf5 19. Bf4 Bxf4 20. Qxf4
Qxf4+ 21. Nxf4 Kc7 22. Rhe1 Kd6 23. Kd2 Nf6 24. Nd3 Nd7 25. b3 b6 26. c4 Re6
27. Rxe6+ fxe6 28. Re1 Rf8 29. c5+ bxc5 30. dxc5+ Nxc5 31. Nxc5 Kxc5 32. Rxe6
Rf7 33. Kc3 a5 34. Re8 Rd7 35. Ra8 d4+ 36. Kd3 Kb4 37. Ra6 Rd6 38. Ra7 c5 39.
Rb7+ Ka3 40. Rb5 Kxa2 41. Rxa5+ Kxb3 42. Rb5+ Ka4 43. Rxc5 Kb3 44. f4 Rh6 45.
h3 Rh4 46. Rb5+ Ka4 47. Rf5 g6 48. Rf8 Kb5 49. Kxd4 Kc6 50. Ke5 Kd7 51. f5 Ke7
52. Ra8 gxf5 53. Ra7+ Kf8 54. Kxf5 Rh6 55. Ra3 Rb6 56. Ra5 Kg7 57. g4 Rf6+ 58.
Ke5 Rf3 59. h4 Rb3 60. Kf5 Rb7 61. g5 Rf7+ 62. Ke6 Rb7 63. h5 Rc7 64. Rd5 Rc2
65. Rd7+ Kg8 66. h6 Re2+ 67. Kf6 Rf2+ 68. Ke7 Rf7+ 69. Ke6 Rxd7 70. Kxd7 Kf7
71. Kd6 Kg6 72. Ke5 Kxg5 73. Ke4 Kxh6 74. Kf3 1/2-1/2

[Event "19. Sahovski festival "]
[Site "Senta"]
[Date "2015.07.16"]
[Round "7.10"]
[White "Elez, Sinisa"]
[Black "Popov, Stevan"]
[Result "0-1"]
[WhiteElo "2075"]
[BlackElo "2153"]
[PlyCount "52"]
[EventDate "2015.07.11"]

1. e4 e5 2. Nf3 Nc6 3. Bb5 Nge7 4. O-O g6 5. c3 Bg7 6. d4 exd4 7. cxd4 d5 8.
exd5 Nxd5 9. Bg5 Qd6 10. Re1+ Be6 11. Nbd2 O-O 12. Nc4 Qb4 13. Bxc6 bxc6 14. a3
Qxc4 15. Rc1 Qb5 16. h3 Qxb2 17. Rxc6 Rfe8 18. Bc1 Qb7 19. Rc2 Bd7 20. Rb2
Rxe1+ 21. Qxe1 Qc6 22. Bd2 Re8 23. Qb1 Bf5 24. Qa2 Nc3 25. Qb3 Ne2+ 26. Kh2
Nxd4 0-1

[Event "19. Sahovski festival "]
[Site "Senta"]
[Date "2015.07.16"]
[Round "7.11"]
[White "Bratkovic, Sham"]
[Black "Kaszas, Viktor"]
[Result "1/2-1/2"]
[WhiteElo "2152"]
[BlackElo "2017"]
[PlyCount "117"]
[EventDate "2015.07.11"]

1. e4 c5 2. Nf3 d6 3. d4 cxd4 4. Nxd4 Nf6 5. Nc3 a6 6. Be3 e5 7. Nb3 Be7 8. Bc4
O-O 9. O-O Be6 10. Bxe6 fxe6 11. f4 Nbd7 12. Qe2 b5 13. a3 Rc8 14. Rad1 Qc7 15.
fxe5 Nxe5 16. Nd4 Qc4 17. Qxc4 Nxc4 18. Bc1 Bd8 19. Nxe6 Bb6+ 20. Kh1 Rfe8 21.
Nf4 Nxe4 22. Nxe4 Rxe4 23. Nd5 Bd8 24. c3 Re6 25. Rfe1 Kf7 26. Rf1+ Kg8 27.
Rde1 Re5 28. Rd1 Re6 29. h3 h6 30. Rd3 Ne5 31. Rdd1 Nc4 32. Kh2 Rb8 33. Nb4 a5
34. Nc6 Rc8 35. Nd4 Re5 36. b3 Nb6 37. Bf4 Rd5 38. Ne6 Bf6 39. Be3 Rxd1 40.
Rxd1 Be5+ 41. g3 Nd7 42. Bd4 Bxd4 43. Rxd4 Rxc3 44. Rxd6 Nf6 45. Nd4 a4 46. Rb6
Rd3 47. bxa4 Rxd4 48. axb5 Ra4 49. Ra6 Rxa6 50. bxa6 Nd5 51. a7 Nc7 52. Kg2 Kf7
53. Kf3 Kf6 54. Ke4 Ke6 55. a4 Na8 56. Kd4 Kd6 57. Ke4 Ke6 58. Kd4 Kd6 59. Ke4
1/2-1/2

[Event "19. Sahovski festival "]
[Site "Senta"]
[Date "2015.07.16"]
[Round "7.12"]
[White "Lazov, Toni"]
[Black "Kovacs, Arthur Dr"]
[Result "1-0"]
[WhiteElo "2141"]
[BlackElo "2006"]
[PlyCount "77"]
[EventDate "2015.07.11"]

1. e4 c6 2. d4 d5 3. e5 Bf5 4. Nd2 e6 5. Nb3 Nd7 6. Nf3 Ne7 7. Be2 Bg4 8. h3
Bxf3 9. Bxf3 Nf5 10. O-O c5 11. c3 cxd4 12. cxd4 Be7 13. Qd3 Rc8 14. g4 Nh4 15.
Be2 Qc7 16. Bd2 O-O 17. Rac1 Qb8 18. Qb5 Nb6 19. f4 Rxc1 20. Rxc1 Rc8 21. Kf2
Rxc1 22. Bxc1 Qc8 23. Nc5 Bxc5 24. Qxc5 Qxc5 25. dxc5 Nd7 26. b4 Ng6 27. Be3
Ne7 28. b5 g5 29. Bd4 gxf4 30. Bd3 h6 31. Kf3 Kf8 32. h4 Ke8 33. h5 Nf8 34.
Kxf4 Ng8 35. g5 Ke7 36. c6 b6 37. gxh6 Nxh6 38. Kg5 Ng8 39. h6 1-0

[Event "19. Sahovski festival "]
[Site "Senta"]
[Date "2015.07.16"]
[Round "7.13"]
[White "Marjanovics, Annamaria"]
[Black "Solymosi, Andras"]
[Result "1-0"]
[WhiteElo "2277"]
[BlackElo "1965"]
[PlyCount "41"]
[EventDate "2015.07.11"]

1. e4 c5 2. Nf3 d6 3. d4 cxd4 4. Nxd4 Nf6 5. Nc3 a6 6. Bg5 Nbd7 7. f4 Qc7 8.
Qf3 b5 9. O-O-O Bb7 10. Bd3 e6 11. Rhe1 Be7 12. Qg3 O-O-O 13. Bxb5 axb5 14.
Ndxb5 Qb6 15. e5 dxe5 16. fxe5 Nxe5 17. Rxd8+ Rxd8 18. Be3 Qa5 19. Qxe5 Rd5 20.
Na7+ Qxa7 21. Nxd5 1-0

[Event "19. Sahovski festival "]
[Site "Senta"]
[Date "2015.07.16"]
[Round "7.14"]
[White "Penjov, Damjan"]
[Black "Scepanovic, Labud"]
[Result "0-1"]
[WhiteElo "2022"]
[BlackElo "2172"]
[PlyCount "48"]
[EventDate "2015.07.11"]

1. d4 g6 2. c4 Bg7 3. Nc3 c5 4. d5 Bxc3+ 5. bxc3 d6 6. e4 Qa5 7. Qc2 Nf6 8. Bd2
Nbd7 9. f4 O-O 10. Nf3 Nb6 11. Bd3 Bd7 12. e5 Ba4 13. Qb1 Nfd7 14. e6 fxe6 15.
Bxg6 Nxc4 16. Bxh7+ Kh8 17. Ng5 Nxd2 18. Kxd2 Rxf4 19. Rf1 Rd4+ 20. Bd3 c4 21.
Rf3 Rxd3+ 22. Rxd3 cxd3 23. Qxd3 Qxd5 24. Qxd5 exd5 0-1